گلِ صد برگ : (Record no. 106409)

MARC details
000 -LEADER
fixed length control field 00881nam a22002537a 4500
005 - DATE AND TIME OF LATEST TRANSACTION
control field 20170123162309.0
010 ## - LIBRARY OF CONGRESS CONTROL NUMBER
LC control number B-209236
020 ## - INTERNATIONAL STANDARD BOOK NUMBER
Terms of availability 120.00
035 ## - SYSTEM CONTROL NUMBER
System control number B-209236
037 ## - SOURCE OF ACQUISITION
Source of stock number/acquisition Cen Lib/Ret
040 ## - CATALOGING SOURCE
Original cataloging agency DPL
Language of cataloging UR
082 ## - DEWEY DECIMAL CLASSIFICATION NUMBER
Classification number 844
Item number م و ج
100 ## - MAIN ENTRY--PERSONAL NAME
Personal name مجیب احمد خان
9 (RLIN) 111430
245 ## - TITLE STATEMENT
Title گلِ صد برگ :
Statement of responsibility, etc مجیب احمد خان
Remainder of title قرتول این حیدر کے مضامین کا مجمع /
246 ## - VARYING FORM OF TITLE
Title proper/short title Gul-e-sad barg : Qurratul-Ain Hydar ke mazamen ka majmua /
Remainder of title by Mujeeb Ahmad Khan
260 ## - PUBLICATION, DISTRIBUTION, ETC. (IMPRINT)
Place of publication, distribution, etc دہلی
Name of publisher, distributor, etc کتابی دنیا
Date of publication, distribution, etc 2006
270 ## - ADDRESS
Address ترکمان گیٹ
City دہلی
Postal code 110006
300 ## - PHYSICAL DESCRIPTION
Extent 136p.
Dimensions 21cm(Hb)
650 ## - SUBJECT ADDED ENTRY--TOPICAL TERM
Topical term or geographic name as entry element اردو ادب
9 (RLIN) 111431
650 ## - SUBJECT ADDED ENTRY--TOPICAL TERM
Topical term or geographic name as entry element اردو مضامین
9 (RLIN) 111432
650 ## - SUBJECT ADDED ENTRY--TOPICAL TERM
Topical term or geographic name as entry element Urdu literature
9 (RLIN) 111433
650 ## - SUBJECT ADDED ENTRY--TOPICAL TERM
Topical term or geographic name as entry element Urdu artices
9 (RLIN) 111434
942 ## - ADDED ENTRY ELEMENTS (KOHA)
Source of classification or shelving scheme Dewey Decimal Classification
Koha item type Urdu Bks
Classification part 844
Call number suffix م و ج
Holdings
Withdrawn status Lost status Damaged status Not for loan Home library Current library Date acquired Source of acquisition Cost, normal purchase price Total Checkouts Full call number Barcode Date last seen Copy number Cost, replacement price Price effective from Koha item type
        Central Library Central Library 21/12/2015 Cen Lib/Ret 120.00   844 م و ج B-209236 21/12/2015 1 120.00 21/12/2015 Urdu Bks

© Delhi Public Library
Hit Counter
free hit counter